Business economics

Na minha lista:
Detalhes bibliográficos
Autor principal: Dhingra,L.C
Formato: Livro
Publicado em: IBA Sultan Chand &Sons c1993
Edição:2nd edition
Assuntos:
Tags: Adicionar Tag
Sem tags, seja o primeiro a adicionar uma tag!

MARC

LEADER 00000nam a2200000 4500
020 |a NA  |c TZS 5000 
040 |a MUL  |b eng  |e AACR 
082 |a 338.7 DHI 
100 |a Dhingra,L.C 
245 |a Business economics  |c / L.C Dhingra 
250 |a 2nd edition 
260 |a IBA  |b Sultan Chand &Sons  |c c1993 
300 |a [v], 432 p. ;  |b ill. ;  |c 20 cm 
504 |a Includes index 
650 |a Economics 
942 |c BK 
999 |c 8723  |d 8723